How Linux works : what every superuser should know

Αποθηκεύτηκε σε:
Λεπτομέρειες βιβλιογραφικής εγγραφής
Κύριος συγγραφέας: Ward, Brian, 1972-
Μορφή: Βιβλίο
Γλώσσα:English
Δημοσίευση: San Francisco : No Starch Press, c2015.
Έκδοση:2η εκδ.
Θέματα:
Ετικέτες: Προσθήκη ετικέτας
Δεν υπάρχουν, Καταχωρήστε ετικέτα πρώτοι!

MARC

LEADER 00000cam a2200000 a 4500
001 1/121866
008 200730t2015####us | ||| |||| ||eng||
020 |a 9781593275679 
040 |a GR-MyUa  |b gre  |c GR-MyUa  |e AACR2 
041 0 |a eng 
082 7 |a 005.432  |2 (23) 
100 1 |a Ward, Brian,   |d 1972- 
245 1 4 |a How Linux works :   |b what every superuser should know /   |c by Brian Ward.  
250 |a 2η εκδ.  
260 |a San Francisco :   |b No Starch Press,   |c c2015.  
300 |a xxii, 366 σ. ;   |c 24 εκ.  
500 |a Βιβλιογραφία: σ. 351-353. Περιέχει ευρετήριο.  
630 0 0 |a Linux. 
650 0 |a Operating systems (Computers) 
852 |a INST  |b SAMOS  |e 20200730  |h 005.432 WAR  |p 005300046657  |q 005300046657  |t BK  |y 0 
920 |a Δωρεά  |y Σάμος  |z 2019-10 
970 |a Φιλιππή  |b Σάμος  |z 30-07-2020